000 00548nam a2200217Ia 4500
003 OSt
005 20221005131612.0
006 a|||||r|||| 00| 0
007 ta
008 221004b |||||||| |||| 00| 0 san d
024 _a50714
037 _cTextual
040 _aCRL
_cCRL
_bsan
041 _2san
_asan
082 _aQ11:21, 15H9 under size
245 0 _aSrisuktam com by Vidya Arnaya etc
260 _c1949
650 _aRELIGION
942 _hQ11:21, 15H9 under size
_cTEXL
_2cc
999 _c1060869
_d1060869